Odraz spolupráce geodetických služeb socialistických států v evidenci nemovitostí

Bibliographic Details
Main Author: Kotal, Milouš (Author)
Format: Article
Language:Czech
Subjects:

MARC

LEADER 00000nab a2200000 a 4500
001 vtls000288490
003 SK-MaSNL
005 20260304024137.0
008 111202c1986 xo 0 cze
015 |a SNBRA19rr/mm-uuuuu 
035 |a CL0298608 
040 |a SNKBUCL  |b slo  |c SNKBUCL  |e AACR2 
041 0 |a cze 
044 |a xo  |c SK 
080 |a 332.2/.6:528  |2 1981 
080 |a 528  |2 1981 
100 1 |a Kotal, Milouš  |4 aut  |9 9126 
245 1 0 |a Odraz spolupráce geodetických služeb socialistických států v evidenci nemovitostí  |c Milouš Kotal 
650 0 7 |a nehnuteľnosti  |2 snkbucl  |9 3653 
650 0 7 |a evidencia nehnuteľností  |2 SNKPH  |9 16630 
650 0 7 |a geodézia  |2 SNKPH  |9 819 
651 7 |a socialistické krajiny  |2 SNKPH  |9 165745 
655 7 |a články zo zborníkov  |2 SNKPH  |9 166140 
773 0 |t Evidencia nehnuteľností  |d Žilina : Dom techniky ČSVTS, 1986 
850 |a Slovenská národná knižnica v Martine  |a MTA001 
852 |a SNK  |b KIS3GCP 
958 |a RK 
992 |a RZB 
999 |c 2620126  |d 2622056